| 000 | 01390nam0a2200397 4500 | ||
|---|---|---|---|
| 001 | RU\NLR\BIBL_A\012224836 | ||
| 005 | 20200916143315.0 | ||
| 010 |
_a978-5-907214-21-7 _95000 |
||
| 021 |
_aRU _bКН-П-19-102063 _9КН-П-19-7509 |
||
| 035 | _a(NLR Aleph) 012224836 | ||
| 035 | _a(RuMoRGB)010220697 | ||
| 090 |
_a10953349 _c10953349 |
||
| 100 | _a20200219d2019 b y0rusy50 ca | ||
| 101 | 0 | _arus | |
| 102 | _aRU | ||
| 105 | _aa z 000ay | ||
| 181 | 0 |
_ai _baxxe |
|
| 182 | 0 | _an | |
| 200 | 1 |
_aИз-за леса, из-за гор _eпесенки, загадки, считалки _e[для детей старшего дошкольного возраста _fхудожник-иллюстратор: Смык Марина] |
|
| 203 |
_aТекст _bвизуальный _cнепосредственный |
||
| 210 |
_aДубна _cИма-Пресс-Принт _d2019 |
||
| 215 |
_a[1] л., сложенный в [10] с. _d13х14 |
||
| 225 | 1 | _aБиблиотека детского сада | |
| 225 | 1 | _aХоббихит | |
| 309 | _aКнижка-гармошка | ||
| 333 | _a3+ | ||
| 686 | 0 | _aШ9(2)3=Р-3 | |
| 686 | 0 | _aШ9(2)3=Р-5 | |
| 702 | 1 |
_aСмык _bМ. _gМарина _4040 |
|
| 942 | _cBOOK | ||
| 980 | _aNBR | ||
| 980 | _aNB | ||